| 000 | 00501nam a2200157Ia 4500 | ||
|---|---|---|---|
| 003 | OSt | ||
| 005 | 20210105102617.0 | ||
| 008 | 190216s9999||||xx |||||||||||||| ||und|| | ||
| 040 | _coclc | ||
| 082 |
_a894.81201 _bAIY/K |
||
| 100 |
_aAiyer, Ulloor S Parameswara _93277 |
||
| 245 | 0 |
_aKerala Sahithya Charithram / _cUlloor S Parameswara Aiyer |
|
| 260 |
_bKerala University, _aThiruvananthapuram: _c1962. |
||
| 300 | _a682p | ||
| 942 |
_cBK _2ddc _h894.81201 _iAIY/K _k894.81201 _mAIY/K |
||
| 999 |
_c24081 _d24081 |
||